00304nam a2200109Ia 4500008004100000041001200041100004400053245004800097260002100145300000800166650002000174231217s9999 xx 000 0 und d aEnglish aMiller, Lawrence H Quilici, Alexander E 4aThe official Borland Turbo C survival guide c1989bJohn Wiley a553 aBorland Turbo C